000 00911nam a2200265Ia 4500
008 130821s1981 sp gr spa
040 _aCo-BoUCM
_bspa
041 _aspa
100 1 _aGadamer, Hans-Georg
_d1900-
_9120287
245 1 3 _aLa dialéctica de Hegel cinco ensayos hermenéuticos
_cHans-Georg Gadamer
250 _a2a. ed.
260 _aMadrid (España)
_bC tedra
_c1981
300 _a146 páginas
490 _aColección Teorema
600 7 _aHegel, Georg Wilhelm Friedrich
_d1770-1831
_vEnsayos, conferencias, etc.
_9155210
650 0 4 _aAspectos filosóficos
_99679
650 0 4 _aDialéctica
_913168
650 0 4 _aEnsayos, conferencias, etc.
_97572
650 0 4 _aFilosofía austriaca
_915734
650 0 4 _aFilosofía
_975
650 0 4 _aLenguas
_918389
650 0 4 _aLenguas
_xAspectos filosóficos
_918389
942 _cLIBRO
_a2
_e2
_mG13
_2DEWEY
_h146.3
999 _c4342
_d4342